Riita /

Hlavní autor: Hrdlička, Milan, 1960-
Jazyk: Čeština
Vydáno: Liberec : Bor, 2020
Vydání: Vydání první
Témata:
Fyzický popis: 92 stran ; 21 cm
Language note: Český text
Knihy
Uloženo v:
LEADER 01098nam a2200361 i 4500
001 nkc20203180543
003 CZ PrNK
005 20201001101101.0
007 ta
008 200312s2020 xr g 000 j cze
015 |a cnb003180543 
020 |a 978-80-88367-02-4  |q (brožováno) 
035 |a (OCoLC)1200255331 
040 |a OLA001  |b cze  |d ABA001  |e rda 
072 7 |a 821.162.3-3  |x Česká próza  |2 Konspekt  |9 25 
080 |a 821.162.3-32  |2 MRF 
080 |a (0:82-32)  |2 MRF 
100 1 |a Hrdlička, Milan,  |d 1960-  |7 xx0129166  |4 aut 
245 1 0 |a Riita /  |c Milan Hrdlička 
250 |a Vydání první 
264 1 |a Liberec :  |b Bor,  |c 2020 
300 |a 92 stran ;  |c 21 cm 
336 |a text  |b txt  |2 rdacontent 
337 |a bez média  |b n  |2 rdamedia 
338 |a svazek  |b nc  |2 rdacarrier 
546 |a Český text 
655 7 |a české novely  |7 fd133969  |2 czenas 
655 9 |a Czech novellas  |2 eczenas 
910 2 |a BOA001  |b 2-1452.540 
990 |a BK 
995 |a 01 
991 |b 202008  |c NOV 
996 6 |b 2610834512  |c 2-1452.540  |l MZK  |r Sklad / do 1 hodiny  |n 0  |p p.v.  |w 001819119  |u 000010  |a 1  |e BOA001  |j MZK50  |s P